[Event "CZE-chT2F 2122"]
[Site "Czech Republic"]
[Date "2022.02.13"]
[Round "8.5"]
[White "Ockay, Tomas"]
[Black "Vantuch, Lucian"]
[Result "1-0"]
[WhiteElo "2104"]
[BlackElo "2021"]
[PlyCount "79"]
[EventDate "2021.10.17"]
[EventType "team-tourn"]
[EventRounds "11"]
[EventCountry "CZE"]
[SourceTitle "EXT 2024"]
[Source "ChessBase"]
[SourceDate "2023.10.10"]
[SourceVersion "1"]
[SourceVersionDate "2023.10.10"]
[SourceQuality "1"]
[WhiteTeam "Poruba Slavoj III"]
[BlackTeam "Frydek Mistek III"]
[WhiteTeamCountry "CZE"]
[BlackTeamCountry "CZE"]

1. Nf3 Nf6 2. b3 d6 3. d4 g6 4. Bb2 Bg7 5. g3 0-0 6. Bg2 Nbd7 7. 0-0 c5 8. c4 Rb8 9. Nc3 a6 10. a4 Qc7 11. Rc1 e5 12. e3 b6 13. Qc2 Bb7 14. Rfd1 Rbe8 15. dxe5 Nxe5 16. Nxe5 dxe5 17. Bxb7 Qxb7 18. Nd5 Nd7 19. Rd2 e4 20. Bxg7 Kxg7 21. Rcd1 f5 22. Nc7 Ne5 23. Nxe8+ Rxe8 24. Qc3 Kg8 25. Rd8 Qe7 26. Rxe8+ Qxe8 27. Rd5 Nf3+ 28. Kg2 Qe7 29. Qa1 h5 30. Qd1 Ne5 31. Rd8+ Kf7 32. Qd5+ Kg7 33. h4 Nf7 34. Rd7 Qf6 35. a5 bxa5 36. Qxc5 g5 37. hxg5 Qxg5 38. Qe5+ Qf6 39. Qxf6+ Kxf6 40. Ra7 1-0

[Event "CZE-chT2F 2122"]
[Site "Czech Republic"]
[Date "2021.12.19"]
[Round "5.8"]
[White "Vantuch, Lucian"]
[Black "Konecny, Vladimir"]
[Result "1-0"]
[WhiteElo "1972"]
[BlackElo "1798"]
[PlyCount "75"]
[EventDate "2021.10.17"]
[EventType "team-tourn"]
[EventRounds "11"]
[EventCountry "CZE"]
[SourceTitle "EXT 2024"]
[Source "ChessBase"]
[SourceDate "2023.10.10"]
[SourceVersion "1"]
[SourceVersionDate "2023.10.10"]
[SourceQuality "1"]
[WhiteTeam "Frydek Mistek III"]
[BlackTeam "Karvina"]
[WhiteTeamCountry "CZE"]
[BlackTeamCountry "CZE"]

1. e4 e6 2. d4 d5 3. Nd2 dxe4 4. Nxe4 Nf6 5. Nxf6+ Qxf6 6. Nf3 h6 7. Bd3 Nd7 8. 0-0 Bd6 9. Re1 0-0 10. Qe2 Qd8 11. Ne5 Bxe5 12. dxe5 Re8 13. Qg4 f5 14. exf6 Nxf6 15. Qg6 Qe7 16. Bxh6 Qf7 17. Bf4 Qxg6 18. Bxg6 Re7 19. Rad1 Rd7 20. Bxc7 b6 21. Be5 Bb7 22. Bxf6 Rxd1 23. Rxd1 gxf6 24. Rd7 Bd5 25. b3 b5 26. h4 a5 27. h5 a4 28. h6 axb3 29. axb3 Rc8 30. Rg7+ Kh8 31. Re7 f5 32. f3 b4 33. Kh2 Kg8 34. Kh3 Rf8 35. Kh4 Kh8 36. Re8 Rxe8 37. Bxe8 Kh7 38. Kg5 1-0

[Event "Plzen Calliditas op"]
[Site "Plzen"]
[Date "2020.08.25"]
[Round "4"]
[White "Vantuch, Lucian"]
[Black "Toman, Jan1111"]
[Result "1-0"]
[WhiteElo "1966"]
[BlackElo "1724"]
[PlyCount "45"]
[EventDate "2020.08.23"]
[EventType "swiss"]
[EventRounds "9"]
[EventCountry "CZE"]
[SourceTitle "CBM 198 Extra"]
[Source "ChessBase"]
[SourceDate "2020.11.30"]
[SourceVersion "1"]
[SourceVersionDate "2020.11.30"]
[SourceQuality "1"]

1. e4 e5 2. Nf3 Nc6 3. Bc4 Be7 4. 0-0 Nf6 5. d3 0-0 6. Re1 d6 7. c3 Bg4 8. Nbd2 d5 9. exd5 Nxd5 10. h3 Bh5 11. Nf1 Nb6 12. Bb5 f6 13. Ng3 Be8 14. d4 Nxd4 15. Nxd4 exd4 16. Nf5 Bxb5 17. Rxe7 Rf7 18. Rxf7 Kxf7 19. Qh5+ Kg8 20. Nxg7 Kxg7 21. Bh6+ Kh8 22. Qf7 Qd7 23. Bg7# 1-0

[Event "Vsetin op 45th"]
[Site "Vsetin"]
[Date "2020.07.08"]
[Round "7"]
[White "Matejovsky, Ondrej"]
[Black "Vantuch, Lucian"]
[Result "1/2-1/2"]
[WhiteElo "2026"]
[BlackElo "1981"]
[PlyCount "55"]
[EventDate "2020.07.04"]
[EventType "swiss"]
[EventRounds "9"]
[EventCountry "CZE"]
[SourceTitle "CBM 197 Extra"]
[Source "ChessBase"]
[SourceDate "2020.09.30"]
[SourceVersion "1"]
[SourceVersionDate "2020.09.30"]
[SourceQuality "1"]

1. e4 c5 2. Nf3 Nc6 3. Bb5 e6 4. 0-0 Nge7 5. c3 a6 6. Ba4 b5 7. Bc2 d5 8. exd5 Nxd5 9. d4 Be7 10. Re1 cxd4 11. Nxd4 Nxd4 12. Qxd4 Bf6 13. Qd3 Bb7 14. Nd2 Qc7 15. Ne4 Be5 16. g3 h5 17. f4 Bd6 18. Nxd6+ Qxd6 19. Qd4 h4 20. Be4 hxg3 21. hxg3 0-0-0 22. Be3 Rh3 23. Bf2 g5 24. Bg2 Rh5 25. c4 Nc7 26. Bxb7+ Kxb7 27. Qe4+ Qc6 28. Qxc6+ 1/2-1/2

[Event "Vsetin op 45th"]
[Site "Vsetin"]
[Date "2020.07.07"]
[Round "5"]
[White "Vojta, Tomas"]
[Black "Vantuch, Lucian"]
[Result "1-0"]
[WhiteElo "2349"]
[BlackElo "1981"]
[PlyCount "41"]
[EventDate "2020.07.04"]
[EventType "swiss"]
[EventRounds "9"]
[EventCountry "CZE"]
[SourceTitle "CBM 197 Extra"]
[Source "ChessBase"]
[SourceDate "2020.09.30"]
[SourceVersion "1"]
[SourceVersionDate "2020.09.30"]
[SourceQuality "1"]

1. Nf3 Nf6 2. d4 g6 3. c3 Bg7 4. Bg5 b6 5. Nbd2 Bb7 6. Qc2 d6 7. e4 h6 8. Bxf6 Bxf6 9. e5 Bg7 10. e6 f5 11. g4 0-0 12. gxf5 Rxf5 13. Rg1 Bxf3 14. Nxf3 Rxf3 15. Qe4 Rf6 16. Qxa8 Rxe6+ 17. Be2 d5 18. Rg3 c5 19. dxc5 d4 20. Kf1 bxc5 21. Bc4 1-0

[Event "CZE-ch U16"]
[Site "Kouty nad Desnou"]
[Date "2020.03.10"]
[Round "5"]
[White "Vantuch, Lucian"]
[Black "Neumann, Filip"]
[Result "1/2-1/2"]
[WhiteElo "1891"]
[BlackElo "2084"]
[PlyCount "92"]
[EventDate "2020.03.07"]
[EventType "swiss"]
[EventRounds "7"]
[EventCountry "CZE"]
[SourceTitle "CBM 195 Extra"]
[Source "ChessBase"]
[SourceDate "2020.05.31"]
[SourceVersion "1"]
[SourceVersionDate "2020.05.31"]
[SourceQuality "1"]

1. e4 c5 2. Nf3 Nc6 3. d4 cxd4 4. Nxd4 g6 5. Nc3 Bg7 6. Be3 Nf6 7. Bc4 0-0 8. Bb3 Re8 9. f3 e6 10. Qd2 d5 11. exd5 Nxd4 12. Bxd4 exd5+ 13. Ne2 Qe7 14. Kf2 Nh5 15. Bxg7 Kxg7 16. Rhe1 Be6 17. Rad1 a6 18. Bxd5 Bxd5 19. Qxd5 Qh4+ 20. Ng3 Qxh2 21. Nxh5+ Qxh5 22. Qxh5 gxh5 23. Rxe8 Rxe8 24. Rd7 b5 25. Rd6 b4 26. Rxa6 Rc8 27. c3 bxc3 28. bxc3 Rxc3 29. Kg3 Rc2 30. a4 Ra2 31. Ra8 h4+ 32. Kh3 f6 33. a5 Ra4 34. a6 h6 35. a7 Ra1 36. Kxh4 Ra2 37. Kg3 Ra1 38. Kg4 Ra2 39. g3 Ra1 40. Kf4 Ra2 41. Ke4 Ra1 42. Kd5 Ra2 43. Kd6 Rd2+ 44. Ke6 Re2+ 45. Kf5 Re5+ 46. Kf4 Ra5 1/2-1/2

[Event "CZE-chT2F 1920"]
[Site "Czech Republic"]
[Date "2019.11.03"]
[Round "2.7"]
[White "Vantuch, Lucian"]
[Black "Nytra, Petr"]
[Result "1/2-1/2"]
[WhiteElo "1919"]
[BlackElo "1952"]
[PlyCount "59"]
[EventDate "2019.10.13"]
[EventType "team-tourn"]
[EventRounds "11"]
[EventCountry "CZE"]
[SourceTitle "EXT 2024"]
[Source "ChessBase"]
[SourceDate "2023.10.10"]
[SourceVersion "1"]
[SourceVersionDate "2023.10.10"]
[SourceQuality "1"]
[WhiteTeam "Frydek Mistek  III"]
[BlackTeam "Orlova Slavia II"]
[WhiteTeamCountry "CZE"]
[BlackTeamCountry "CZE"]

1. e4 c5 2. Nf3 Nc6 3. d4 cxd4 4. Nxd4 e5 5. Nb5 a6 6. Nd6+ Bxd6 7. Qxd6 Qf6 8. Qd1 Qg6 9. Nc3 Nf6 10. f3 d5 11. Nxd5 Nxd5 12. Qxd5 Be6 13. Qd2 Rd8 14. Bd3 h6 15. 0-0 0-0 16. Qe2 Nb4 17. Be3 Rd7 18. Bc4 Rc8 19. Bd3 Bxa2 20. b3 Bxb3 21. Rfc1 Nxd3 22. cxd3 Rdc7 23. Rxc7 Rxc7 24. Bf2 a5 25. Qb2 Qe6 26. Rxa5 Rc2 27. Qa3 Qc6 28. Rc5 Rxc5 29. Qxc5 Qxc5 30. Bxc5 1/2-1/2

[Event "Vsetin op 44th"]
[Site "Vsetin"]
[Date "2019.07.06"]
[Round "9"]
[White "Brousek, Jiri"]
[Black "Vantuch, Lucian"]
[Result "0-1"]
[WhiteElo "1847"]
[BlackElo "2048"]
[PlyCount "80"]
[EventDate "2019.06.29"]
[EventType "swiss"]
[EventRounds "9"]
[EventCountry "CZE"]
[SourceTitle "CBM 191 Extra"]
[Source "ChessBase"]
[SourceDate "2019.09.30"]
[SourceVersion "1"]
[SourceVersionDate "2019.09.30"]
[SourceQuality "1"]

1. d4 Nf6 2. Nf3 e6 3. e3 b6 4. Bd3 Bb7 5. 0-0 d6 6. c4 Nbd7 7. Nc3 g6 8. b3 Bg7 9. Bb2 0-0 10. Qe2 e5 11. d5 Nh5 12. g3 f5 13. Nd2 e4 14. Bc2 Qe7 15. f3 exf3 16. Nxf3 Rae8 17. Rae1 Ne5 18. Nxe5 Bxe5 19. Bxf5 Nxg3 20. hxg3 gxf5 21. Rf3 Qg5 22. Qf2 Re7 23. Ne4 Qg4 24. Bxe5 dxe5 25. Nd2 Rg7 26. Nf1 Rff7 27. Nh2 Qg6 28. Nf1 c6 29. Rd1 cxd5 30. cxd5 Ba6 31. Kg2 Bd3 32. Rxd3 e4 33. Rd4 exf3+ 34. Qxf3 Qd6 35. Rc4 Rg6 36. Rc6 Qe5 37. Rc8+ Kg7 38. Nd2 Qb2 39. Qe2 Rd7 40. Kf3 Qe5 0-1

[Event "Vsetin op 44th"]
[Site "Vsetin"]
[Date "2019.06.30"]
[Round "2"]
[White "Vantuch, Lucian"]
[Black "Vlkova, Anezka"]
[Result "1-0"]
[WhiteElo "2048"]
[BlackElo "1987"]
[PlyCount "41"]
[EventDate "2019.06.29"]
[EventType "swiss"]
[EventRounds "9"]
[EventCountry "CZE"]
[SourceTitle "CBM 191 Extra"]
[Source "ChessBase"]
[SourceDate "2019.09.30"]
[SourceVersion "1"]
[SourceVersionDate "2019.09.30"]
[SourceQuality "1"]

1. e4 e6 2. d4 d5 3. Nd2 Nf6 4. Bd3 c5 5. c3 Nc6 6. Ngf3 cxd4 7. cxd4 dxe4 8. Nxe4 Be7 9. Nc3 0-0 10. 0-0 b6 11. Re1 Bb7 12. a3 Rc8 13. Bc2 Rc7 14. Qd3 Qa8 15. d5 Na5 16. dxe6 fxe6 17. Ng5 Rd7 18. Qh3 Bc5 19. Bxh7+ Kh8 20. Bf5+ Kg8 21. Bxe6+ 1-0

[Event "CZE-chT U18 Extraliga final-A 1819"]
[Site "Czech Republic"]
[Date "2019.04.14"]
[Round "11.5"]
[White "Vantuch, Lucian"]
[Black "Vitova, Anna"]
[Result "1/2-1/2"]
[WhiteElo "1969"]
[BlackElo "1734"]
[PlyCount "77"]
[EventDate "2018.10.05"]
[EventType "team-tourn"]
[EventRounds "11"]
[EventCountry "CZE"]
[SourceTitle "EXT 2023"]
[Source "ChessBase"]
[SourceDate "2022.10.05"]
[SourceVersion "1"]
[SourceVersionDate "2022.10.05"]
[SourceQuality "1"]
[WhiteTeam "Frydek Mistek BSS (U18)"]
[BlackTeam "Jicin (U18)"]
[WhiteTeamCountry "CZE"]
[BlackTeamCountry "CZE"]

1. e4 c5 2. Nf3 d6 3. d4 cxd4 4. Nxd4 Nf6 5. Nc3 a6 6. Be3 Ng4 7. Bc1 Nf6 8. f3 e6 9. Be3 Be7 10. Qd2 b5 11. 0-0-0 Bb7 12. g4 Nbd7 13. a3 Rc8 14. h4 Ne5 15. g5 Nfd7 16. f4 Nc4 17. Bxc4 Rxc4 18. h5 b4 19. axb4 Rxb4 20. g6 Qa5 21. gxf7+ Kxf7 22. Nb3 Rxb3 23. cxb3 Rc8 24. Kb1 Qb4 25. Qd4 Qxb3 26. h6 Bf6 27. e5 Rc4 28. Qxd6 Be4+ 29. Ka1 Be7 30. Qxd7 Rxc3 31. hxg7 Rxe3 32. g8Q+ Kxg8 33. Qe8+ Bf8 34. Rd8 Qb4 35. Qxe6+ Kh8 36. Qf6+ Kg8 37. Rg1+ Bg6 38. Qe6+ Kh8 39. Qf6+ 1/2-1/2

[Event "CZE-chT U18 Extraliga final-A 1819"]
[Site "Czech Republic"]
[Date "2019.04.13"]
[Round "10.5"]
[White "Hak, David"]
[Black "Vantuch, Lucian"]
[Result "0-1"]
[WhiteElo "1946"]
[BlackElo "1969"]
[PlyCount "62"]
[EventDate "2018.10.05"]
[EventType "team-tourn"]
[EventRounds "11"]
[EventCountry "CZE"]
[SourceTitle "EXT 2023"]
[Source "ChessBase"]
[SourceDate "2022.10.05"]
[SourceVersion "1"]
[SourceVersionDate "2022.10.05"]
[SourceQuality "1"]
[WhiteTeam "Klatovy (U18)"]
[BlackTeam "Frydek Mistek BSS (U18)"]
[WhiteTeamCountry "CZE"]
[BlackTeamCountry "CZE"]

1. d4 Nf6 2. c4 e6 3. Nc3 Bb4 4. e3 b6 5. Bd3 Bb7 6. Nf3 0-0 7. 0-0 Bxc3 8. bxc3 Ne4 9. Nd2 f5 10. f3 Nxd2 11. Bxd2 d6 12. Qe2 e5 13. e4 f4 14. g3 g5 15. gxf4 gxf4 16. Kh1 Kh8 17. dxe5 dxe5 18. c5 Nd7 19. cxb6 cxb6 20. Bc4 Nc5 21. Rg1 Rc8 22. Qg2 Qf6 23. Be1 Nxe4 24. Bh4 Qg6 25. Qxg6 hxg6 26. Be2 Nxc3 27. Bf1 Bxf3+ 28. Bg2 Bxg2+ 29. Rxg2 Kg7 30. Rag1 Rc6 31. Rc2 Rfc8 0-1

[Event "CZE-chT U18 Extraliga final-A 1819"]
[Site "Czech Republic"]
[Date "2019.04.12"]
[Round "8.5"]
[White "Ret, Adam Josef"]
[Black "Vantuch, Lucian"]
[Result "1/2-1/2"]
[WhiteElo "1859"]
[BlackElo "1969"]
[PlyCount "103"]
[EventDate "2018.10.05"]
[EventType "team-tourn"]
[EventRounds "11"]
[EventCountry "CZE"]
[SourceTitle "EXT 2023"]
[Source "ChessBase"]
[SourceDate "2022.10.05"]
[SourceVersion "1"]
[SourceVersionDate "2022.10.05"]
[SourceQuality "1"]
[WhiteTeam "Praha Porg (U18)"]
[BlackTeam "Frydek Mistek BSS (U18)"]
[WhiteTeamCountry "CZE"]
[BlackTeamCountry "CZE"]

1. d4 Nf6 2. Bf4 e6 3. e3 b6 4. Nf3 Bb7 5. Nbd2 d6 6. Bd3 Nbd7 7. h3 Qe7 8. Bh2 g6 9. Qe2 Bg7 10. Ba6 Bxa6 11. Qxa6 0-0 12. 0-0 e5 13. dxe5 dxe5 14. Qe2 e4 15. Nd4 c5 16. Nb5 Ne8 17. Nc4 a6 18. Nc7 Nxc7 19. Bxc7 Qe6 20. Rfd1 b5 21. Rd6 Qe7 22. Rad1 Nf6 23. Nb6 Qxc7 24. Nxa8 Rxa8 25. Qd2 h6 26. c3 Kh7 27. Qc2 Qe7 28. R1d2 Ne8 29. Rd7 Qe6 30. Qd1 Nf6 31. Rc7 Qxa2 32. Rxc5 Rb8 33. Rc6 b4 34. Rdd6 bxc3 35. Rxa6 Qxb2 36. Rdc6 Qb1 37. Qxb1 Rxb1+ 38. Kh2 Rb2 39. Rxf6 Bxf6 40. Rxf6 Kg7 41. Rc6 Rc2 42. Kg3 Rc1 43. Kf4 f5 44. g4 Rc2 45. Kg3 fxg4 46. hxg4 g5 47. Rc4 Rc1 48. Kg2 c2 49. Rc6 Kf7 50. Rc7+ Ke6 51. Rc6+ Kd5 52. Rc3 1/2-1/2

[Event "Marianske Lazne op 18th"]
[Site "Marianske Lazne"]
[Date "2019.01.26"]
[Round "9"]
[White "Luberanski, Jakub"]
[Black "Vantuch, Lucian"]
[Result "1-0"]
[WhiteElo "1959"]
[BlackElo "1883"]
[PlyCount "49"]
[EventDate "2019.01.19"]
[EventType "swiss"]
[EventRounds "9"]
[EventCountry "CZE"]
[SourceTitle "CBM 188 Extra"]
[Source "ChessBase"]
[SourceDate "2019.02.26"]
[SourceVersion "1"]
[SourceVersionDate "2019.02.26"]
[SourceQuality "1"]

1. e4 c5 2. Nf3 e6 3. d4 cxd4 4. Nxd4 a6 5. Nc3 Qc7 6. Bd3 Nf6 7. 0-0 Bc5 8. Nb3 Ba7 9. Qe2 d6 10. Be3 Bxe3 11. Qxe3 Nbd7 12. a4 b6 13. f4 Bb7 14. Rae1 Rc8 15. Qe2 Ra8 16. e5 Ng8 17. exd6 Qxd6 18. Be4 Nc5 19. Bxb7 Nxb7 20. f5 Nd8 21. Qf3 Ra7 22. Ne4 Qe7 23. Qg3 Kf8 24. fxe6 Qxe6 25. Nd6 1-0

[Event "CZE-chT1E 1819"]
[Site "Czech Republic"]
[Date "2018.12.09"]
[Round "4.8"]
[White "Pavlik, Petr"]
[Black "Vantuch, Lucian"]
[Result "1-0"]
[WhiteElo "1949"]
[BlackElo "1969"]
[PlyCount "81"]
[EventDate "2018.10.21"]
[EventType "team-tourn"]
[EventRounds "11"]
[EventCountry "CZE"]
[SourceTitle "CBM 187 Extra"]
[Source "ChessBase"]
[SourceDate "2018.11.04"]
[SourceVersion "1"]
[SourceVersionDate "2018.11.04"]
[SourceQuality "1"]
[WhiteTeam "Litovel Tatran"]
[BlackTeam "Frydek Mistek II"]
[WhiteTeamCountry "CZE"]
[BlackTeamCountry "CZE"]

1. d4 Nf6 2. Nf3 e6 3. c4 Bb4+ 4. Bd2 c5 5. e3 b6 6. g3 Bb7 7. Bg2 0-0 8. 0-0 d6 9. Nc3 Qe7 10. a3 Bxc3 11. Bxc3 Nbd7 12. b3 a5 13. Rc1 Rfc8 14. Nd2 Bxg2 15. Kxg2 d5 16. Re1 cxd4 17. exd4 dxc4 18. Nxc4 b5 19. Ne5 Qxa3 20. Nxd7 Nxd7 21. Ra1 Qd6 22. Bxa5 b4 23. Qh5 Ra6 24. Ra4 Qxd4 25. Rxb4 Qc3 26. Rc4 Qxa5 27. Rxc8+ Nf8 28. Qxa5 Rxa5 29. Rd1 Rd5 30. Rxd5 exd5 31. Kf3 f6 32. Ke3 Kf7 33. Rxf8+ Kxf8 34. Kd4 Ke7 35. Kxd5 Kd7 36. b4 g6 37. f4 Ke7 38. Kc6 Kd8 39. Kb7 g5 40. b5 gxf4 41. gxf4 1-0

[Event "Stare Mesto op"]
[Site "Stare Mesto"]
[Date "2018.08.21"]
[Round "4"]
[White "Frank, Adam"]
[Black "Vantuch, Lucian"]
[Result "1/2-1/2"]
[WhiteElo "2070"]
[BlackElo "1927"]
[PlyCount "62"]
[EventDate "2018.08.18"]
[EventType "swiss"]
[EventRounds "9"]
[EventCountry "CZE"]
[SourceTitle "CBM 186 Extra"]
[Source "ChessBase"]
[SourceDate "2018.08.24"]
[SourceVersion "1"]
[SourceVersionDate "2018.08.24"]
[SourceQuality "1"]

1. e4 c5 2. Nf3 e6 3. d4 cxd4 4. Nxd4 a6 5. Nc3 Qc7 6. Be2 Nf6 7. 0-0 d6 8. Be3 Nbd7 9. f4 b6 10. f5 e5 11. Nb3 Bb7 12. Bf3 h5 13. Kh1 Be7 14. Qe1 0-0-0 15. a4 Nc5 16. a5 b5 17. Bg1 g5 18. fxg6 fxg6 19. Nd5 Nxd5 20. exd5 g5 21. Nxc5 dxc5 22. b4 Bxd5 23. Bxd5 Rxd5 24. Qe4 Rhd8 25. Rf7 cxb4 26. Bb6 Rd1+ 27. Rf1 Rxa1 28. Rxa1 Qb7 29. Qf5+ Rd7 30. Qxe5 Qd5 31. Qh8+ Bd8 1/2-1/2

[Event "Vsetin op 43rd"]
[Site "Vsetin"]
[Date "2018.07.10"]
[Round "8"]
[White "Vantuch, Lucian"]
[Black "Pycha, Patrik"]
[Result "0-1"]
[WhiteElo "1954"]
[BlackElo "2097"]
[PlyCount "56"]
[EventDate "2018.07.04"]
[EventType "swiss"]
[EventRounds "9"]
[EventCountry "CZE"]
[SourceTitle "CBM 185 Extra"]
[Source "ChessBase"]
[SourceDate "2018.07.29"]
[SourceVersion "1"]
[SourceVersionDate "2018.07.29"]
[SourceQuality "1"]

1. e4 e6 2. d4 d5 3. Nd2 Nf6 4. Bd3 c5 5. c3 Nc6 6. Ngf3 Qb6 7. 0-0 cxd4 8. cxd4 Be7 9. e5 Nd7 10. Nb3 a5 11. a4 Nb4 12. Bb5 0-0 13. Bg5 Bxg5 14. Nxg5 h6 15. Nh3 Nb8 16. Qg4 Bd7 17. Bxd7 Nxd7 18. Ra3 f5 19. Qg6 Nc2 20. Nc5 Nxc5 21. dxc5 Qxb2 22. Qxe6+ Kh8 23. Rg3 Rae8 24. Qxd5 Rxe5 25. Qd2 Rfe8 26. Nf4 Re1 27. Rd3 Rxf1+ 28. Kxf1 Qb1+ 0-1